[Event "72nd RUS-ch Higher League 2019"]
[Site "Yaroslavl"]
[Date "2019.06.29"]
[Round "3.27"]
[White "Mirzaev, Aziz"]
[Black "Ibadov, Dashgyn"]
[Result "1/2-1/2"]
[WhiteElo "2433"]
[BlackElo "2298"]
[Annotator "NA"]
[PlyCount "136"]
[EventDate "2019.06.27"]
[EventType "swiss"]
[EventCountry "RUS"]
[SourceTitle "playchess.com"]
[Source "ChessBase"]
[SourceQuality "1"]
[TimeControl "40/5400+30:1800+30"]

1. d4 {[%emt 0:00:00]} e6 {[%emt 0:00:00]} 2. c4 {[%emt 0:00:36]} Nf6 {[%emt 0:00:00]} 3. Nc3 {[%emt 0:01:43]} c5 {[%emt 0:00:00]} 4. d5 {[%emt 0:00:38]} exd5 {[%emt 0:00:00]} 5. cxd5 {[%emt 0:00:04]} d6 {[%emt 0:00:04]} 6. e4 {[%emt 0:01:00]} g6 {[%emt 0:00:09]} 7. Nf3 {[%emt 0:00:46]} Bg7 {[%emt 0:00:10]} 8. Be2 {[%emt 0:01:53]} Bg4 {[%emt 0:05:39]} 9. O-O {[%emt 0:04:17]} O-O {[%emt 0:00:33]} 10. Re1 {[%emt 0:07:01]} a6 {[%emt 0:08:26]} 11. Nd2 {[%emt 0:13:39]} Bxe2 {[%emt 0:00:40]} 12. Rxe2 {[%emt 0:00:03]} b5 {[%emt 0:02:32]} 13. a4 {[%emt 0:02:34]} b4 {[%emt 0:01:41]} 14. Ncb1 {[%emt 0:00:03]} Re8 {[%emt 0:02:56]} 15. f3 {[%emt 0:04:44]} Nh5 {[%emt 0:12:59]} 16. Nc4 {[%emt 0:01:57]} Qf6 {[%emt 0:27:25]} 17. Be3 {[%emt 0:10:18]} Nd7 {[%emt 0:02:07]} 18. Nbd2 {[%emt 0:06:34]} g5 {[%emt 0:05:41]} 19. g3 {[%emt 0:08:45]} Ne5 {[%emt 0:03:25]} 20. Nxe5 {[%emt 0:02:53]} Rxe5 {[%emt 0:00:21]} 21. Nc4 {[%emt 0:05:08]} Qxf3 {[%emt 0:06:43]} 22. Nxe5 {[%emt 0:00:47]} Bxe5 {[%emt 0:00:04]} 23. Qd3 {[%emt 0:07:05]} Nf6 {[%emt 0:06:01]} 24. Rf1 {[%emt 0:02:46]} Qxe4 {[%emt 0:00:13]} 25. Qxe4 {[%emt 0:00:53]} Nxe4 {[%emt 0:00:04]} 26. Bc1 {[%emt 0:00:27]} Bd4+ {[%emt 0:01:51]} 27. Kg2 {[%emt 0:00:01]} Nf6 {[%emt 0:00:50]} 28. Rf5 {[%emt 0:07:23]} h6 {[%emt 0:00:28]} 29. Be3 {[%emt 0:03:52]} Nd7 {[%emt 0:08:56]} 30. Bxd4 {[%emt 0:06:04]} cxd4 {[%emt 0:00:01]} 31. Re4 {[%emt 0:01:02]} a5 {[%emt 0:00:23]} 32. Rxd4 {[%emt 0:00:12]} Nc5 {[%emt 0:00:06]} 33. Rf6 {[%emt 0:00:32]} Rd8 {[%emt 0:01:22]} 34. Rc4 {[%emt 0:00:47]} Nxa4 {[%emt 0:04:32]} 35. Rc7 {[%emt 0:00:25]} Rf8 {[%emt 0:00:27]} 36. Rxd6 {[%emt 0:00:35]} Nxb2 {[%emt 0:00:09]} 37. Rb6 {[%emt 0:00:29]} Rd8 {[%emt 0:00:58]} 38. Rb5 {[%emt 0:00:33]} Nd1 {[%emt 0:00:31]} 39. Rxa5 {[%emt 0:00:29]} b3 {[%emt 0:00:27]} 40. Rc1 {[%emt 0:00:00]} Rxd5 {[%emt 0:00:00]} 41. Rxd5 {[%emt 0:02:57]} Ne3+ {[%emt 0:00:36]} 42. Kf3 {[%emt 0:00:16]} Nxd5 {[%emt 0:00:04]} 43. Rb1 {[%emt 0:00:22]} Kg7 {[%emt 0:00:34]} 44. Rxb3 {[%emt 0:00:02]} Kg6 {[%emt 0:04:11]} 45. Rb5 {[%emt 0:07:18]} Nf6 {[%emt 0:02:02]} 46. Ra5 {[%emt 0:02:49]} Nd7 {[%emt 0:02:03]} 47. Ke4 {[%emt 0:02:02]} Nf6+ {[%emt 0:02:47]} 48. Kd4 {[%emt 0:00:05]} Ng4 {[%emt 0:00:49]} 49. Ra2 {[%emt 0:00:45]} f6 {[%emt 0:02:03]} 50. Kd5 {[%emt 0:02:16]} Ne5 {[%emt 0:01:13]} 51. Rf2 {[%emt 0:02:22]} Kf7 {[%emt 0:10:29]} 52. h3 {[%emt 0:02:54]} h5 {[%emt 0:01:02]} 53. Rc2 {[%emt 0:03:20]} Kg6 {[%emt 0:03:41]} 54. Ke6 {[%emt 0:00:26]} Nf3 {[%emt 0:00:25]} 55. Rc4 {[%emt 0:04:03]} Ng1 {[%emt 0:00:18]} 56. Rc8 {[%emt 0:02:44]} Nxh3 {[%emt 0:02:16]} 57. Rf8 {[%emt 0:01:49]} h4 {[%emt 0:01:29]} 58. Rxf6+ {[%emt 0:00:13]} Kg7 {[%emt 0:02:25]} 59. g4 {[%emt 0:00:29]} Nf4+ {[%emt 0:01:02]} 60. Kf5 {[%emt 0:00:02]} h3 {[%emt 0:00:20]} 61. Rd6 {[%emt 0:03:37]} h2 {[%emt 0:00:05]} 62. Rd7+ {[%emt 0:00:21]} Kh6 {[%emt 0:01:27]} 63. Rd8 {[%emt 0:00:47]} Kg7 {[%emt 0:00:31]} 64. Rd7+ {[%emt 0:00:29]} Kh6 {[%emt 0:00:04]} 65. Rd6+ {[%emt 0:00:26]} Kg7 {[%emt 0:00:06]} 66. Rd1 {[%emt 0:00:35]} Ne2 {[%emt 0:00:06]} 67. Kxg5 {[%emt 0:00:31]} Ng3 {[%emt 0:00:07]} 68. Kf4 {[%emt 0:00:28]} h1=Q {[%emt 0:00:11] Ke4} 1/2-1/2

[Event "72nd RUS-ch Higher League 2019"]
[Site "Yaroslavl"]
[Date "2019.06.29"]
[Round "3.28"]
[White "Vlasenko, Miroslav"]
[Black "Lesovoi, Evgenij"]
[Result "1/2-1/2"]
[WhiteElo "2417"]
[BlackElo "2366"]
[Annotator "NA"]
[PlyCount "48"]
[EventDate "2019.06.27"]
[EventType "swiss"]
[EventCountry "RUS"]
[SourceTitle "playchess.com"]
[Source "ChessBase"]
[SourceQuality "1"]
[TimeControl "40/5400+30:1800+30"]

1. e4 {[%emt 0:00:00]} c5 {[%emt 0:02:28]} 2. Nc3 {[%emt 0:01:37]} d6 {[%emt 0:01:36]} 3. f4 {[%emt 0:00:08]} Nc6 {[%emt 0:03:13]} 4. Nf3 {[%emt 0:00:07]} g6 {[%emt 0:01:49]} 5. Bc4 {[%emt 0:01:14]} Bg7 {[%emt 0:00:38]} 6. O-O {[%emt 0:00:46]} e6 {[%emt 0:05:16]} 7. d3 {[%emt 0:00:17]} Nge7 {[%emt 0:01:23]} 8. Qe1 {[%emt 0:01:05]} Nd4 {[%emt 0:05:32]} 9. Nxd4 {[%emt 0:02:13]} cxd4 {[%emt 0:00:30]} 10. Ne2 {[%emt 0:00:21]} O-O {[%emt 0:00:22]} 11. Bb3 {[%emt 0:05:17]} b5 {[%emt 0:02:35]} 12. f5 {[%emt 0:01:02]} exf5 {[%emt 0:05:34]} 13. Qh4 {[%emt 0:08:50]} d5 {[%emt 0:20:46]} 14. exd5 {[%emt 0:10:02]} Nxd5 {[%emt 0:02:27]} 15. Bg5 {[%emt 0:02:19]} Qd7 {[%emt 0:01:05]} 16. Nxd4 {[%emt 0:02:36]} Bb7 {[%emt 0:01:36]} 17. c4 {[%emt 0:20:02]} Nc7 {[%emt 0:10:06]} 18. Bf6 {[%emt 0:04:59]} Bxf6 {[%emt 0:01:08]} 19. Qxf6 {[%emt 0:00:06]} Rad8 {[%emt 0:02:31]} 20. Nxf5 {[%emt 0:05:10]} gxf5 {[%emt 0:00:07]} 21. Qg5+ {[%emt 0:00:04]} Kh8 {[%emt 0:00:05]} 22. Qf6+ {[%emt 0:00:11]} Kg8 {[%emt 0:00:06]} 23. Qg5+ {[%emt 0:00:02]} Kh8 {[%emt 0:00:06]} 24. Qf6+ {[%emt 0:00:03]} Kg8 {[%emt 0:00:06]} 1/2-1/2

[Event "72nd RUS-ch Higher League 2019"]
[Site "Yaroslavl"]
[Date "2019.06.29"]
[Round "3.29"]
[White "Sadovsky, Artem"]
[Black "Kanter, Eduard"]
[Result "1-0"]
[WhiteElo "2416"]
[BlackElo "2392"]
[Annotator "ChessBase"]
[PlyCount "155"]
[EventDate "2019.06.27"]
[EventType "swiss"]
[EventCountry "RUS"]
[SourceTitle "playchess.com"]
[Source "ChessBase"]
[SourceQuality "1"]
[TimeControl "40/5400+30:1800+30"]

1. Nf3 {[%emt 0:00:00]} Nf6 {[%emt 0:01:28]} 2. g3 {[%emt 0:00:00]} g6 {[%emt 0:02:45]} 3. Bg2 {[%emt 0:00:07]} Bg7 {[%emt 0:02:17]} 4. O-O {[%emt 0:00:20]} d5 {[%emt 0:01:08]} 5. c4 {[%emt 0:00:18]} c6 {[%emt 0:01:50]} 6. Qc2 {[%emt 0:02:06]} O-O {[%emt 0:00:34]} 7. b3 {[%emt 0:01:28]} a5 {[%emt 0:13:57]} 8. Bb2 {[%emt 0:00:53]} a4 {[%emt 0:00:45]} 9. bxa4 {[%emt 0:04:57]} Qa5 {[%emt 0:07:25]} 10. cxd5 {[%emt 0:03:34]} cxd5 {[%emt 0:14:35]} 11. Nc3 {[%emt 0:00:30]} Nc6 {[%emt 0:00:23]} 12. d4 {[%emt 0:07:23]} Bf5 {[%emt 0:18:13]} 13. Qb3 {[%emt 0:06:18]} Ne4 {[%emt 0:00:14]} 14. e3 {[%emt 0:02:19]} e6 {[%emt 0:12:12]} 15. Rfc1 {[%emt 0:22:40]} Rfb8 {[%emt 0:00:31]} 16. Nh4 {[%emt 0:14:33]} Nxc3 {[%emt 0:01:07]} 17. Bxc3 {[%emt 0:00:13]} Qxa4 {[%emt 0:00:08]} 18. Nxf5 {[%emt 0:06:48]} Qxb3 {[%emt 0:01:01]} 19. axb3 {[%emt 0:00:16]} gxf5 {[%emt 0:00:04]} 20. Bf1 {[%emt 0:00:21]} Bf8 {[%emt 0:00:46]} 21. Bb5 {[%emt 0:00:42]} Ra3 {[%emt 0:05:16]} 22. Rxa3 {[%emt 0:01:32]} Bxa3 {[%emt 0:00:05]} 23. Ra1 {[%emt 0:02:39]} Bd6 {[%emt 0:00:39]} 24. Kf1 {[%emt 0:02:44]} Rc8 {[%emt 0:01:27]} 25. Bd2 {[%emt 0:02:52]} Kf8 {[%emt 0:02:10]} 26. Ke2 {[%emt 0:00:27]} Ke7 {[%emt 0:00:14]} 27. Ra4 {[%emt 0:02:21]} Kf6 {[%emt 0:07:41]} 28. Bd3 {[%emt 0:00:17]} Ne7 {[%emt 0:01:18]} 29. Ra7 {[%emt 0:02:01]} Rb8 {[%emt 0:01:02]} 30. h3 {[%emt 0:02:25]} h5 {[%emt 0:01:14]} 31. h4 {[%emt 0:00:16]} Nc8 {[%emt 0:00:55]} 32. Ra5 {[%emt 0:01:31]} Bc7 {[%emt 0:00:26]} 33. Ra1 {[%emt 0:00:38]} Nd6 {[%emt 0:01:13]} 34. Bb4 {[%emt 0:01:33]} Ne4 {[%emt 0:00:15]} 35. Ra7 {[%emt 0:04:51]} Bb6 {[%emt 0:00:26]} 36. Ra1 {[%emt 0:01:20]} Rc8 {[%emt 0:00:15]} 37. Ke1 {[%emt 0:02:36]} Kg6 {[%emt 0:00:34]} 38. f3 {[%emt 0:00:14]} Nf6 {[%emt 0:00:29]} 39. Ke2 {[%emt 0:01:55]} Kg7 {[%emt 0:00:26]} 40. Bd6 {[%emt 0:00:00]} Rc6 {[%emt 0:00:00]} 41. Bb4 {[%emt 0:05:02]} Rc8 {[%emt 0:04:09]} 42. Be1 {[%emt 0:04:59]} Ne8 {[%emt 0:01:30]} 43. Bd2 {[%emt 0:02:04]} Nf6 {[%emt 0:06:02]} 44. Ra4 {[%emt 0:01:05]} Rb8 {[%emt 0:01:21]} 45. Kf2 {[%emt 0:01:26]} Ne8 {[%emt 0:01:13]} 46. Be1 {[%emt 0:02:12]} Nc7 {[%emt 0:03:18]} 47. Bb4 {[%emt 0:00:46]} Ra8 {[%emt 0:03:00]} 48. Rxa8 {[%emt 0:03:16]} Nxa8 {[%emt 0:00:04]} 49. Bc5 {[%emt 0:01:17]} Bc7 {[%emt 0:02:42]} 50. e4 {[%emt 0:06:51]} fxe4 {[%emt 0:00:51]} 51. fxe4 {[%emt 0:00:07]} Nb6 {[%emt 0:00:16]} 52. Be2 {[%emt 0:02:54]} dxe4 {[%emt 0:04:47]} 53. Bxh5 {[%emt 0:00:07]} Nd5 {[%emt 0:00:36]} 54. Be2 {[%emt 0:00:44]} f5 {[%emt 0:01:23]} 55. Bb5 {[%emt 0:00:38]} Nf6 {[%emt 0:01:20]} 56. Be2 {[%emt 0:01:13]} Kg6 {[%emt 0:00:39]} 57. Be7 {[%emt 0:01:27]} Bb6 {[%emt 0:03:15]} 58. Bc5 {[%emt 0:00:13]} Bc7 {[%emt 0:01:19]} 59. Bb5 {[%emt 0:02:03]} Kf7 {[%emt 0:00:36]} 60. Bc4 {[%emt 0:00:42]} Ng4+ {[%emt 0:01:30]} 61. Kg2 {[%emt 0:01:33]} Ne3+ {[%emt 0:00:37]} 62. Kf2 {[%emt 0:00:50]} Ng4+ {[%emt 0:00:49]} 63. Kg2 {[%emt 0:00:08]} Ne3+ {[%emt 0:00:28]} 64. Kh3 {[%emt 0:00:25]} b6 {[%emt 0:01:13]} 65. Bb4 {[%emt 0:00:18]} Nd5 {[%emt 0:01:07]} 66. Be1 {[%emt 0:01:16]} Nf6 {[%emt 0:00:24]} 67. Be2 {[%emt 0:00:00]} Kg6 {[%emt 0:00:44]} 68. g4 {[%emt 0:00:49]} f4 {[%emt 0:00:23]} 69. h5+ {[%emt 0:00:14]} Kf7 {[%emt 0:00:28]} 70. g5 {[%emt 0:00:23]} f3 {[%emt 0:00:21]} 71. Bxf3 {[%emt 0:00:33]} exf3 {[%emt 0:00:07]} 72. gxf6 {[%emt 0:00:04]} e5 {[%emt 0:01:09]} 73. Bg3 {[%emt 0:00:54]} f2 {[%emt 0:00:45]} 74. Kg2 {[%emt 0:00:18]} f1=Q+ {[%emt 0:00:34]} 75. Kxf1 {[%emt 0:00:06]} Kxf6 {[%emt 0:00:02]} 76. Bxe5+ {[%emt 0:00:13]} Bxe5 {[%emt 0:00:04]} 77. dxe5+ {[%emt 0:00:06]} Kxe5 {[%emt 0:00:02]} 78. Kf2 1-0

[Event "72nd RUS-ch Higher League 2019"]
[Site "Yaroslavl"]
[Date "2019.06.30"]
[Round "4.1"]
[White "Chigaev, Maksim"]
[Black "Predke, Alexandr"]
[Result "1/2-1/2"]
[WhiteElo "2640"]
[BlackElo "2632"]
[Annotator "TA"]
[PlyCount "46"]
[EventDate "2019.06.27"]
[EventType "swiss"]
[EventCountry "RUS"]
[SourceTitle "playchess.com"]
[Source "ChessBase"]
[SourceQuality "1"]

{[%evp 17,46,-10,-6,-14,-11,-8,-22,-4,0,0,-14,-20,0,0,0,0,0,0,0,0,0,0,0,0,0,0,0,0,0,0,0]} 1. e4 e5 2. Nf3 Nc6 3. d4 exd4 4. Nxd4 Nf6 5. Nxc6 bxc6 6. e5 Qe7 7. Qe2 Nd5 8. c4 Ba6 9. b3 g6 {The position is equal.} 10. Ba3 {C45: Scotch Game} (10. g3 Bg7 11. Bb2 O-O 12. Bg2 Rae8 13. O-O Bxe5 14. Qxe5 Qxe5 15. Bxe5 Rxe5 16. cxd5 Bxf1 17. Kxf1 cxd5 18. Nc3 c6 19. Rd1 Rfe8 20. Bf3 Kf8 21. Ne2 {½-½ (41) Aronian,L (2765)-Amin,B (2709) Germany 2019}) 10... Nb4 11. Bb2 Bg7 12. a3 Nd5 $1 13. Nd2 {[%cal Bb1d2,Bd2e4,Be4f6][%mdl 32]} O-O 14. O-O-O Rfe8 15. Qf3 Nb6 16. Ne4 Bxe5 17. Bxe5 Qxe5 18. Nf6+ {[%mdl 64] [#] Double Attack} Kf8 {White must now prevent ...Re6.} 19. Nxe8 Qa1+ {[%mdl 64] Double Attack} 20. Kc2 Qa2+ 21. Kc1 $1 {Qc3 is the strong threat.} Qa1+ 22. Kc2 Qa2+ $146 23. Kc1 $1 {[#] aiming for Qc3.} Qa1+ 1/2-1/2

[Event "72nd RUS-ch Higher League 2019"]
[Site "Yaroslavl"]
[Date "2019.06.30"]
[Round "4.2"]
[White "Paravyan, David"]
[Black "Iljiushenok, Ilia"]
[Result "1/2-1/2"]
[WhiteElo "2605"]
[BlackElo "2549"]
[Annotator "TA"]
[PlyCount "80"]
[EventDate "2019.06.27"]
[EventType "swiss"]
[EventCountry "RUS"]
[SourceTitle "playchess.com"]
[Source "ChessBase"]
[SourceQuality "1"]

{[%evp 18,80,19,9,2,28,17,5,34,0,0,0,52,31,31,42,24,27,30,26,50,38,61,29,18,0,0,0,0,0,0,0,0,0,0,-12,-12,-19,0,0,0,-32,0,0,0,0,18,19,20,9,22,20,29,19,17,14,37,0,0,0,22,0,0,0,14]} 1. d4 Nf6 2. c4 g6 3. g3 Bg7 4. Bg2 O-O 5. Nf3 d5 6. cxd5 Nxd5 7. O-O Nb6 8. Nc3 Nc6 9. e3 Re8 10. Re1 a5 {D76: Fianchetto Grünfeld: Main Line with 7...Nb6} 11. h3 (11. Ng5 e5 12. d5 Nb4 13. e4 c6 14. a3 Na6 15. dxc6 Qxd1 16. Rxd1 bxc6 17. Bf1 h6 18. Be3 {½-½ (76) Gukesh,D (2533)-Safarli,E (2624) Brest 2019}) 11... a4 12. Rb1 Ra5 13. b4 axb3 $1 14. axb3 Nb4 $146 (14... e5 $11) ({Predecessor:} 14... e5 15. b4 Ra8 16. b5 exd4 17. exd4 Rxe1+ 18. Qxe1 Nxd4 19. Nxd4 Qxd4 {1-0 (43) Magalashvili,D (2504)-Azaladze,S (2475) Ureki 2015}) 15. Na4 Nxa4 16. bxa4 Nc6 {[%cal Bb4c6,Bc6a5,Ba5c4,Bc4d6,Bd6f7][%mdl 32]} 17. Bd2 Ra7 18. Bc3 b6 19. Qc2 e5 20. d5 Na5 21. e4 Bd7 22. Rec1 Nc4 {[#] Threatens to win with ...Na3.} 23. Bb4 Nd6 24. Ra1 Qa8 {[%cal Rd7a4]} 25. Qb1 Bf8 26. Qb2 f6 27. Nh2 Nf7 28. Bxf8 Rxf8 29. f4 Re8 30. Nf3 Qd8 {...exf4 is the strong threat.} 31. fxe5 Nxe5 32. Nxe5 fxe5 33. Rc4 Qe7 34. Rac1 Qd6 35. Qc2 Rc8 36. Kh2 Qa3 {[%cal Rd7a4]} 37. Qd2 Qd6 $1 {The position is equal.} 38. Qc2 Qa3 {[%cal Rd7a4]} 39. Qd2 Qd6 $1 40. Qc2 Qa3 {Accuracy: White = 61%, Black = 64%.} 1/2-1/2

[Event "72nd RUS-ch Higher League 2019"]
[Site "Yaroslavl"]
[Date "2019.06.30"]
[Round "4.3"]
[White "Zvjaginsev, Vadim"]
[Black "Esipenko, Andrey"]
[Result "1/2-1/2"]
[WhiteElo "2644"]
[BlackElo "2611"]
[Annotator "TA"]
[PlyCount "81"]
[EventDate "2019.06.27"]
[EventType "swiss"]
[EventCountry "RUS"]
[SourceTitle "playchess.com"]
[Source "ChessBase"]
[SourceQuality "1"]

{[%evp 13,81,16,12,1,6,-4,2,-28,-13,0,-12,-6,-9,-12,-8,-23,-16,-26,-8,-35,-33,-41,-38,-29,-32,-28,-23,-42,-33,-44,-31,-24,-20,-20,-31,-14,-17,-35,-39,-34,-23,-24,-20,-31,0,0,0,0,0,0,0,0,0,0,0,0,0,0,0,0,0,0,0,0,0,0,0,0,0,0]} 1. Nf3 d5 2. b3 Bf5 3. Bb2 e6 4. g3 h6 5. Bg2 Nf6 6. O-O Be7 7. d3 O-O 8. Nc3 {A07: Réti Opening: New York and Capablanca Systems} Bh7 9. e3 $146 ({Predecessor:} 9. Re1 c6 10. e4 Nfd7 11. Qe2 Re8 12. a3 Na6 13. Rad1 Nc7 14. d4 a5 15. Ne5 Nf6 {½-½ (43) Zvjaginsev,V (2635)-Rodshtein,M (2699) Sochi 2019}) 9... c5 10. Ne2 Nc6 11. Ne5 Nxe5 12. Bxe5 Nd7 13. Bb2 Bf6 14. Qc1 Rc8 15. Rd1 Ne5 16. h3 b6 17. Rb1 Nc6 18. Bxf6 Qxf6 19. Qb2 Qe7 20. Rbc1 Rfd8 21. d4 cxd4 22. Nxd4 Nxd4 23. Rxd4 Rc7 24. c4 {[%cal Rc4d5]} Rdc8 25. Rcd1 dxc4 26. bxc4 Bg6 27. Bf1 Bf5 28. g4 e5 29. Rd5 {The position is equal.} Be6 30. Rxe5 Qf6 31. Rb5 Qxb2 32. Rxb2 Bxc4 33. Bxc4 Rxc4 $11 {[%mdl 4096] Endgame KRR-KRR} 34. Rd7 R8c7 35. Rd8+ Kh7 36. Kg2 g6 37. Rbd2 Kg7 38. Kg3 Rc2 39. Rxc2 Rxc2 40. a4 {[%cal Ba2a4,Ba4a5][%mdl 32]} Rc4 41. a5 {Accuracy: White = 59%, Black = 72%.} 1/2-1/2

[Event "72nd RUS-ch Higher League 2019"]
[Site "Yaroslavl"]
[Date "2019.06.30"]
[Round "4.4"]
[White "Sjugirov, Sanan"]
[Black "Popov, Ivan"]
[Result "1/2-1/2"]
[WhiteElo "2667"]
[BlackElo "2599"]
[Annotator "TA"]
[PlyCount "81"]
[EventDate "2019.06.27"]
[EventType "swiss"]
[EventCountry "RUS"]
[SourceTitle "playchess.com"]
[Source "ChessBase"]
[SourceQuality "1"]

{[%evp 9,81,16,14,25,20,13,20,18,23,16,25,20,18,18,15,15,16,24,30,11,16,22,56,54,60,40,79,63,76,79,69,64,72,50,69,0,0,-37,-33,-70,-8,-22,10,0,0,14,0,0,43,0,22,22,58,49,158,7,5,0,0,0,0,0,39,0,0,0,0,0,0,0,0,0,0,0]} 1. d4 d5 2. c4 dxc4 3. e4 Nf6 4. e5 Nd5 5. Bxc4 Bf5 6. Qb3 {D20: Queen's Gambit Accepted: 3 e3 and 3 e4} c6 7. Ne2 Qb6 8. Qf3 Bxb1 9. Bxd5 cxd5 10. Rxb1 e6 11. O-O Nc6 12. Be3 Be7 13. Qg4 $146 ({Predecessor:} 13. Nf4) 13... g6 14. Bh6 Qa6 15. b4 Qd3 16. Rb3 Qf5 17. Qg3 $1 Qh5 {[#]} 18. Qe3 $1 g5 19. Bg7 Rg8 20. Bf6 $1 Bxf6 21. exf6 Qh6 22. Rc3 (22. Qc3 $14) 22... Qxf6 $11 23. Qg3 Kf8 ({Much weaker is} 23... Nxb4 $6 24. Rb1 $16) 24. Rfc1 Kg7 (24... a6 $15) 25. b5 Nxd4 26. Nxd4 Qxd4 27. Qxg5+ Kh8 28. Qe7 Rg7 29. Rg3 Rag8 30. Rxg7 Qxg7 {[%csl Gg8][%cal Rg7g2][%mdl 4096] Endgame KQR-KQR} 31. g3 Qb2 {[#]} (31... Qg5 $14 32. Qxg5 Rxg5) 32. Rf1 $2 (32. Re1 $1 $16) 32... Kg7 $1 $132 {[%mdl 2048] Black is not keeping still} ({But not} 32... Qxa2 $2 33. Qf6+ Rg7 34. Rc1 $18) ({Much worse is} 32... Qxb5 $6 33. Qxf7 Qe8 34. Qxb7 $16) 33. a4 {[%cal Ba2a4,Ba4b5,Bb5b6][%mdl 32]} a6 34. Qxb7 axb5 35. axb5 d4 36. b6 Rd8 {The position is equal.} 37. Qc7 Rd5 38. b7 Rb5 39. Rd1 d3 40. Qd8 Rxb7 41. Qg5+ {Accuracy: White = 44%, Black = 50%.} 1/2-1/2

[Event "72nd RUS-ch Higher League 2019"]
[Site "Yaroslavl"]
[Date "2019.06.30"]
[Round "4.5"]
[White "Timofeev, Artyom"]
[Black "Dreev, Aleksey"]
[Result "1/2-1/2"]
[WhiteElo "2608"]
[BlackElo "2657"]
[Annotator "TA"]
[PlyCount "98"]
[EventDate "2019.06.27"]
[EventType "swiss"]
[EventCountry "RUS"]
[SourceTitle "playchess.com"]
[Source "ChessBase"]
[SourceQuality "1"]

{[%evp 30,98,14,12,14,6,15,14,12,-42,-42,-39,-34,-38,-39,-41,-36,-34,-39,-43,-38,-38,-40,-39,-38,-37,-29,-100,-95,-110,-110,-110,-110,-110,-110,-110,-110,-110,-110,-116,-110,-110,-110,-160,-160,-160,-160,-160,-160,-160,-160,-160,-110,-160,0,-160,-160,-160,-160,-160,-160,-160,-110,-160,-43,-43,-43,-43,-43,-43,-43]} 1. e4 c5 2. Nf3 e6 3. d4 cxd4 4. Nxd4 Nf6 5. Nc3 Nc6 6. Ndb5 Bb4 7. a3 Bxc3+ 8. Nxc3 d5 9. exd5 exd5 10. Bd3 O-O 11. O-O d4 12. Ne4 Bf5 13. Bg5 Bxe4 14. Bxe4 h6 15. Bxf6 Qxf6 16. Qf3 Qxf3 {B45: Sicilian Four Knights} 17. Bxf3 Rfd8 (17... Ne5 18. Bxb7 {½-½ (18) Motylev,A (2666)-Macieja,B (2599) Plovdiv 2008}) 18. Rfe1 Rac8 {The position is equal.} 19. Re2 (19. Be4 $11) 19... d3 $146 ({Predecessor:} 19... Kf8 20. Rd1 Rc7 21. Bxc6 bxc6 22. Kf1 c5 23. Red2 Rb8 24. b3 a5 25. Ke2 c4 26. Rxd4 cxb3 27. cxb3 Rxb3 28. R1d3 {½-½ (28) Van Riemsdijk,H (2349)-Rosito,J (2426) Santos 2006}) 20. cxd3 Nd4 $1 {[%cal Rd4e2]} 21. Re7 Nxf3+ 22. gxf3 Rxd3 23. Rxb7 Rxf3 {[%mdl 4096] Endgame KRR-KRR} 24. Kg2 Rf6 25. b4 Rc2 26. Rf1 $1 Rg6+ 27. Kh1 $1 Ra6 28. b5 (28. Rb8+ $11 Kh7 29. Rb7) 28... Rxa3 $17 29. b6 axb6 30. Rxb6 h5 31. Rb4 Rf3 32. Kg2 Rcc3 33. h3 Kh7 34. Rh1 Kh6 35. Ra4 f6 36. Rb4 g5 37. Ra4 Kg6 38. Rb4 h4 39. Ra4 Rfd3 40. Ra2 Rc4 41. Rb1 Rcc3 42. Rh1 Rb3 43. Rc2 Ra3 44. Rb2 Rdc3 45. Rd2 Rc4 46. Rb1 g4 (46... Rf4 $17 {Strongly threatening ...Rff3.} 47. Rc1 Rff3) 47. hxg4 $15 {Black is slightly better.} Rxg4+ 48. Kh2 h3 49. Rg1 Rxg1 {Accuracy: White = 61%, Black = 70%.} 1/2-1/2

[Event "72nd RUS-ch Higher League 2019"]
[Site "Yaroslavl"]
[Date "2019.06.30"]
[Round "4.6"]
[White "Petrov, Nikita"]
[Black "Sarana, Alexey"]
[Result "0-1"]
[WhiteElo "2610"]
[BlackElo "2641"]
[Annotator "TA"]
[PlyCount "84"]
[EventDate "2019.06.27"]
[EventType "swiss"]
[EventCountry "RUS"]
[SourceTitle "playchess.com"]
[Source "ChessBase"]
[SourceQuality "1"]

{[%evp 12,84,34,8,8,8,20,9,14,0,0,-12,2,0,0,0,0,0,0,0,0,0,0,0,-2,-4,0,0,51,-27,-27,-23,-26,-82,-68,-53,-54,-83,-77,-82,-75,-72,-69,-76,-20,-22,-22,-45,-22,-27,-25,-87,-87,-87,-87,-87,-81,-82,-82,-169,-182,-165,-161,-185,-192,-463,-465,-1314,-1310,-5065,-4134,-6612,-6170,-5206,-5178]} 1. d4 Nf6 2. c4 e6 3. Nc3 d5 4. cxd5 Nxd5 5. e4 Nxc3 6. bxc3 c5 7. a3 Be7 {D35: Queen's Gambit Declined: Exchange Variation} (7... g6 8. Nf3 Bg7 9. Be2 O-O 10. O-O cxd4 11. cxd4 Nc6 12. Bg5 Qd6 13. e5 Qd5 14. Rc1 h6 15. Be3 {0-1 (46) Yu,Y (2784)-Dominguez Perez,L (2752) Hengshui 2019}) 8. Nf3 O-O 9. Bd3 b6 {The position is equal.} 10. Qe2 Bb7 11. h4 $146 ({Predecessor:} 11. O-O Qc8 12. a4 Ba6 13. Bb5 Bxb5 14. axb5 a5 15. Ne5 {½-½ (33) Krejci,J (2563)-Sipos,I (2492) Slovakia 2018}) 11... Nd7 12. h5 Qc7 13. h6 {And now hxg7 would win.} cxd4 14. Kf1 $1 g6 $1 15. cxd4 e5 16. Nxe5 Nxe5 17. dxe5 Qxe5 18. Bb2 Qd6 19. Bc4 Rad8 (19... Qf4 $11) 20. Rh3 (20. Bg7 $14) 20... Bc8 $11 21. Rf3 Bg4 $36 {[%mdl 2048] aiming for ...Qh2. Black has some pressure.} 22. Kg1 {[#]} (22. Qe3 $11 {remains equal.} Bxf3 23. Qxf3) 22... Qd2 $1 $17 23. Qxd2 Rxd2 24. Bc3 Rc2 25. Bb3 Bxf3 26. Bxc2 {Bb4 is the strong threat.} Rc8 27. Bg7 Bxg2 ({Black should try} 27... Rxc2 $17 28. gxf3 Rd2) 28. Kxg2 $11 {Black must now prevent Ba4.} Rxc2 $17 {[%mdl 4096] Endgame KRB-KRB} 29. Rd1 $1 Rc7 30. e5 $1 b5 31. Kf3 (31. Kg3 $11 {keeps the balance.}) 31... a6 32. Rd3 Rc8 33. Rd7 Bxa3 34. Ra7 Rb8 35. Ke4 (35. e6 $17 {was necessary.} fxe6 36. Rxa6) 35... Bc5 $19 36. Rc7 Bb4 ({Resist} 36... Bxf2 {[#]} 37. e6 $1 $15 {[%mdl 512]}) 37. f4 a5 38. Kd5 $2 (38. e6 {keeps fighting.} fxe6 39. Be5) 38... Bf8 {Black is clearly winning.} 39. Bxf8 (39. Bf6 $142 a4 40. f5) 39... Kxf8 ({Weaker is} 39... Rxf8 40. Ra7 $17) 40. e6 fxe6+ 41. Kxe6 b4 42. Rxh7 Kg8 {Accuracy: White = 40%, Black = 79%.} 0-1